Zemědělci a daň z přidané hodnoty.
Daň z pridanej hodnoty pre poľnohospodárov. Platcovia a neplatcovia dane z pridanej hodnoty. Tabuľky pre výpočet dane z pridanej hodnoty pre výrobu rôznych poľnohospodárskych výrobkov.
Salvato in:
| Autore principale: | |
|---|---|
| Natura: | Capitolo di libro |
| Lingua: | ceco |
| Soggetti: | |
| Tags: |
Nessun Tag, puoi essere il primo ad aggiungerne!!
|
MARC
| LEADER | 00000naa a2200000 4500 | ||
|---|---|---|---|
| 001 | r012537 | ||
| 005 | 20220826094541.1 | ||
| 041 | 0 | |a cze | |
| 044 | |a SK | ||
| 245 | 1 | 0 | |a Zemědělci a daň z přidané hodnoty. |c M. Ferklová |
| 520 | |a Daň z pridanej hodnoty pre poľnohospodárov. Platcovia a neplatcovia dane z pridanej hodnoty. Tabuľky pre výpočet dane z pridanej hodnoty pre výrobu rôznych poľnohospodárskych výrobkov. | ||
| 610 | 2 | 0 | |a dane z hodnoty pridanej |
| 610 | 2 | 0 | |a poľnohospodárstvo |
| 610 | 2 | 0 | |a výrobky poľnohospodárske |
| 100 | 1 | |a Ferklová, M. | |